000 01096cam a2200313 i 4500
001 269
003 CO-MdFUSB
005 20221001112812.0
008 221001t1989 sp ||||| |||| 00| 0 spa d
020 _a84-86067-34-0
040 _bspa.
_aCO-MdFUSB
_cCO-MdFUSB
_dCO-MdFUSBC
_erda
041 _aspa
082 0 4 _a 296.14
_bP9449 v9
100 1 _aPérez Fernández, Miguel
_eautor
245 1 0 _aMidrás sifre números : versión crítica, introducción y notas /
_c/ Versión crítica, introducción y notas de Miguel Pérez Fernández
260 _aInstitución San Jerónimo para la Investigación Bíblica
264 1 _aValencia, España :
_bInstitución San Jerónimo,
_c[1989]
264 4 _c© 1989
300 _a539 Páginas
_c;
336 _2rdacontent
_atexto
_btxt
337 _2rdamedia
_asin mediación
_bn
338 _2rdacarrier
_avolumen
_bnc
501 _aRústico
505 _aEl Midrás Sifre Números -- El sistema hermenéutico -- Manuscritos, ediciones, comentarios, versiones
653 _aJudaísmo
653 _aNumeros
942 _cBK
945 _aestudiante
999 _c31806
_d31806